000 00492nam a2200181Ia 4500
008 100920s9999 xx 000 0 und d
082 _b40266
_a891.461 थ 56
100 _aभावे य.द.
245 _aमीलन.
260 _bचित्रशाळा प्रकाशन,पुणे.2.
_c1956
300 _a36
_bसाधी
365 _b1.5
520 _aपदय.
630 _aमीलन.
650 _aपदय.
730 _aमीलन.
942 _cBOOK
999 _c691424
_d691421